Movie Quotes by Genre: Horror - Statistics

General Stats
  • This quiz has been taken 98 times
  • The average score is 14 of 40
Answer Stats
Year Hint Set in Answer % Correct
1984 One, two, Freddy's coming for you. Three, four, better lock your door. Springwood, OH Nightmare on Elm Street
90%
1980 Here's Johnny! Estes Park, CO The Shining
89%
1975 You're gonna need a bigger boat. Long Island, NY Jaws
79%
1996 What's your favorite scary movie? Woodsboro, CA * Scream
78%
2004 He doesn't want us to cut through our chains! He wants us to cut through our feet! Undisclosed Saw
77%
1982 They're here. Forest Hills, LA Poltergeist
64%
1960 Well, a boy's best friend is his mother. Phoenix, AZ Psycho
63%
1999 I see dead people. Philadelphia, PA The Sixth Sense
62%
1931 Look! It's moving. It's alive. It's alive... It's alive, it's moving, it's alive, it's alive, it's alive, it's alive, IT'S ALIVE! Bavarian Mountains Frankenstein
60%
1980 You let him drown! You never paid any attention. Look what you did to him. Look what you did to him! Hardwick, NJ Friday the 13th
59%
1973 The power of Christ compels you! Washington, D.C. The Exorcist
59%
2017 Jesus, we can get Derry on Unsolved Mysteries. Derry, ME * It
56%
1982 You're gonna have to sleep sometime, Macready. Antarctica The Thing
53%
1992 Well, his right hand is sawn off, and he has a hook jammed in the bloody stump. And if you look in the mirror... and you say his name five times... he'll appear behind you, breathing down your neck. You want to try it? Chicago, IL Candyman
51%
1987 It's just a puzzle box! London, U.K. Hellraiser
51%
1990 I'm your number one fan! Silver Creek, CO Misery
49%
1979 Peace to this house and all who enter in it. Peace to this house and all who enter in it. Amityville, NY The Amityville Horror
36%
2014 I like your dolls. Santa Monica, CA Annabelle
32%
1981 I believe I have made a significant find in the Kandarian ruins, a volume of ancient Sumarian burial practices and funerary incantations. It is entitled "Naturum De Montum", roughly translated: Book of the Dead. The book is bound in human flesh and inked in human blood. Morristown, TN The Evil Dead
29%
1968 He chose you, honey! From all the women in the world to be the mother of his only living son! New York, NY Rosemary's Baby
25%
1932 We accept you, one of us! Gooble Gobble! carnival traveling through Europe Freaks
22%
2019 So we just gonna ignore the bear then? Sweden Midsommar
22%
2014 It could look like someone you know or it could be a stranger in a crowd. Whatever helps it get close to you. Detroit, MI It Follows
21%
2014 You can bring me the boy. You can bring me the boy. You can bring me the boy. Adelaide, AU The Babadook
19%
1997 This room moves to 0, 1, and -1 on the X-axis, 2, 5, and -7 on the Y and 1, -1, and 0 on zed. Undisclosed Cube
18%
1992 Listen to them: the children of the night. What sweet music they make. Transylvania Bram Stoker's Dracula
16%
2017 You know I can't give you the keys, right babe? Upstate NY Get Out
16%
2007 Finally, something for me to write about! A ghost that offers turn down service. New York, NY 1408
10%
2018 Who are we if we can't protect them? We have to protect them. Upstate NY A Quiet Place
10%
2012 Are you kidding! I believe in all that stuff. I ... I wouldn't sleep one night in this place, are you nuts? Chatford, PA Sinister
10%
2010 Even a man who is pure in heart and says his prayers by night, may become a wolf when the wolfbane blooms, and the autumn moon is bright. Blackmoor, U.K. The Wolfman
10%
2003 The sons of the Corvinus clan. One bitten by bat, one by wolf... one to walk the lonely road of mortality as a human. It's a riduculous legend, nothing more. London, U.K. Underworld
8%
2007 Vampires don't exist, Jake. Barrow, AK 30 Days of Night
5%
2019 We're a statistical improbability. And now they want to see who will be the luckiest among the lucky. Chicago, IL Escape Room
5%
2002 I'm still not convinced these things didn't just escape from the local nut-house and forget to shave or trim their nails. Scotland Dog Soldiers
4%
1999 If you die first, I am definitely going to eat you, but the question is, if I die, what are you going to do? Bon appétit... Eat or die. Sierra Nevada Mountain Range Ravenous
4%
2010 Yes, this village is without the pestilence... but it is also without God. For this, they will suffer. 14th Century England Black Death
1%
2010 When he's near, everything goes wrong. Toast falls jelly-side down, children hit tables, and people get hurt. Philadelphia, PA Devil
1%
2001 We don't kill people. We destroy demons. Thurman, TX * Frailty
1%
2018 The promise of the Divine is but an illusion. Nothing in this world is pure... except for Jennifer, my sister. London, U.K. Apostle
0%
No matching quizzes found
Score Distribution
Percent of People with Each Score
Percentile by Number Answered
Your Score History
You have not taken this quiz